|
|
|
|
| LEADER |
00000nab a2200000ua 4500 |
| 001 |
vtls010844309 |
| 003 |
SK-MaSNL |
| 005 |
20260303135811.0 |
| 008 |
230218s1973 xo |||||||||||||||||slo| |
| 035 |
|
|
|a (urnnbn)urn:nbn:sk:snk:ar-a072wz
|
| 035 |
|
|
|a urn:nbn:sk:snk-ab6673
|
| 035 |
|
|
|a (uuid)01a49e29-ac36-45da-a07e-0c838f16682a
|
| 040 |
|
|
|a SNKBUCL
|b slo
|c SNKBUCL
|e AACR2
|
| 041 |
0 |
|
|a slo
|
| 044 |
|
|
|a xo
|c SK
|
| 100 |
1 |
|
|a Bleho, E.
|4 aut
|9 1157533
|
| 245 |
1 |
0 |
|a HYDROGEOLÓGIA MANÍNA A MOŽNOSTI VYUŽITIA JEHO PODZEMNÝCH VÔD
|c E. Bleho, Eugen Kullman
|
| 700 |
1 |
|
|a Kullman, Eugen,
|d 1931-2016
|4 aut
|9 135042
|
| 773 |
0 |
|
|t Geologické práce : správy
|g Roč. 61, č. 61 (1973), s. 33-51
|
| 954 |
|
|
|a odborná, vedecká literatúra pôvodná (slovenská)
|2 lita
|
| 958 |
|
|
|a OND
|
| 958 |
|
|
|a EUIPO
|
| 958 |
|
|
|a article5
|
| 999 |
|
|
|c 1967913
|d 1969843
|